00983nam a2200301Ia 4500001000900000003000500009005001700014008004100031010001100072020001800083040000900101082002900110100002200139245015000161260003100311300001100342500003600353503000700389650004700396650001300443650001200456650004000468650003800508650005000546650002300596650002600619700003600645dia_1542CHAP20251027152428.0220117s1997 xx 000 0 und d a177845 a968-13-3043-9 cCHAP a808.4915952 M87 L53 1997 aMusashi, Miyamoto aEl libro de los cinco anillos : el verdadero arte japonés de la administración /c Miyamoto Musashi ; traducción José Burciaga Alcázar aMéxico :b Diana,c1997 a142 p. aTítulo original: Gorin no sho aD. aCiencia militarxObras anteriores a 1800  aEnsayo  aEssay  aJapanese literaturex17th century  aLiteratura japonesaxSiglo XVII  aMilitary art and sciencexEarly works to 1800 aSimbolismxJapan  aSimbolismoxJapón  aBurciaga Alcázar, José, tr.